Az ösvény egyszer véget ér

Bibliographic Details
Main Author: Gasparecz, Tihamér (Author)
Format: Article
Language:Hungarian
PhysicalDescription:Fotogr. 2
Subjects:

MARC

LEADER 00000nab a2200000 a 4500
001 vtls000487842
003 SK-MaSNL
005 20260319074120.0
008 160202c1993 xo 0 hun
015 |a SNBRB19rr/mm-uuuuu 
035 |a CL0487979 
040 |a SNKBUCL  |b slo  |c SNKBUCL  |e AACR2 
041 0 |a hun 
044 |a xo  |c SK 
080 |a 26  |2 1981 
100 1 |a Gasparecz, Tihamér  |4 aut  |9 446363 
245 1 3 |a Az ösvény egyszer véget ér  |c Tihamér Gasparecz 
300 |b Fotogr. 2 
500 |a Inf. o autorovi 
650 0 7 |a kresťanská viera  |2 snkbucl  |9 1712 
655 7 |a články z novín a časopisov  |2 snkbucl  |9 267496 
773 0 |t Cserkész ka-Lap  |g Roč. 4, č. Letný magazín (1993), s. 40-41 
850 |a Slovenská národná knižnica v Martine  |a DSG001 
852 |a SNK  |b KIS3GCP 
958 |a RK 
958 |a HU 
992 |a RBX 
999 |c 1576823  |d 1578753